000 00559 a2200169 4500
003 NUST
038 _aa
082 _aBIT-6
100 _aAbeer Khan
_993129
245 _aFerret active forensic analysis of windows based computers
_cAbeer Khan
260 _aIslamabad:
_bNUST School of Electrical Engineering & Computer Science,
_c2008
300 _axii, 75 p. :
_bill. ;
_c27 cm
500 _aSupervisors : Dr. Fauzan Mirza, Dr. Syed Ali Khayam.
563 _aa
856 _uhttp://10.250.8.41:8080/xmlui/handle/123456789/11492
942 _cTHE
_kBIT-6 ABE
_2ddc
999 _c9936
_d9936